000 01211cam a2200289 4500
008 020722n1998 000 0 eng u
020 _a1860812562
035 _a(Sirsi) u118948
041 _aeng
050 _a693.834
_c18
110 _aBuilding Research Establishment
245 _aQuiet homes
_ba guide to good practice and reducing the risk of poor sound insulation between dwellings
260 _aLondon
_bConstruction Research Communications
_c1998
300 _aviii, 71p.
_bill.
_c30cm.
350 _a15
490 _aBRE BR
_v358
520 _aA practical manual for designers and those on site to improve the standards of sound insulation between new dwellings in the UK. Complements the guidance given in the Building Regulations 1991 Approved Document E (1992 edition). Covers masonry constructions and timber framed constructions. Bibliography.
650 _aSOUND INSULATION
650 _aBUILDING REGULATIONS 1991 APPROVED DOCUMENT E (1992 EDITION)
650 _aTIMBER FRAME CONSTRUCTION
650 _aMASONRY
650 _aNEW DWELLINGS
650 _aNOISE INSULATION
690 _aBUILT ENVIRONMENT-CONSTRUCTION DESIGN
710 _aWimtec Environmental Ltd
942 _n0
999 _c102211
_d102211